Animaux par lettre - D - Statistiques

Statistiques générales
  • Ce quiz a été pris 90 fois
  • Le résultat moyen est 7 sur 10
Statistiques - réponses
Questions Réponses % Correct
Quel animal de la famille des camélidés n'a qu'une seule bosse ? Dromadaire
99%
Quelle espèce d'oiseau domestique mâle glougloute ? Dindon
86%
Quel animal endémique de Tasmanie, peut être rouge en Belgique ou alors s'habiller en Prada ? Diable
85%
Quel mammifère marin a également le nom du fils aîné du roi de France ? Dauphin
80%
Quel est sa femelle ? Dinde
80%
Outre le personnage de fiction de l'univers Disney, quelle race de chien est particulièrement présente en Australie ? Dingo
70%
S'il n'est pas une friandise au chocolat, quel ruminant de la famille des cervidés a un pelage brun tacheté de blanc ? Daim
69%
Quel animal, considéré comme le plus grand lézard du monde, est endémique d'Indonésie ? Dragon de Komodo
65%
Si elle est belle pour Christophe Maé, quel insecte a pour nom scientifique "zygoptères" ? Demoiselle
55%
Quel mammifère marin au nom original est également appelé "vache marine" ? Dugong
31%
Aucun quiz correspondant
Distribution des résultats
% des personnes avec chaque résultat
Percentile par nombre de réponses
Votre historique - résultats
Vous n’avez pas pris ce quiz